مكتبة جامعة عجلون الوطنية

فهرس بحث المكتبة

Normal view MARC view
  • عبدالله الثاني بن الحسين، ملك الأردن، 1999

Entry Personal Name

Number of records used in: 1

001 - CONTROL NUMBER

  • control field: 51869

003 - CONTROL NUMBER IDENTIFIER

  • control field: JO-AjAnu

005 - DATE AND TIME OF LATEST TRANSACTION

  • control field: 20230606082530.0

008 - FIXED-LENGTH DATA ELEMENTS

  • fixed length control field: 230606|| aca||aabn | a|a d

040 ## - CATALOGING SOURCE

  • Original cataloging agency: JO-AjAnu
  • Transcribing agency: JO-AjAnu

100 ## - HEADING--PERSONAL NAME

  • Personal name: عبدالله الثاني بن الحسين، ملك الأردن، 1999

670 ## - SOURCE DATA FOUND

  • Source citation: Work cat.: (JO-AjAnu)26511: عبدالله الثاني بن الحسين، ملك الأردن، 1999, author, الرؤية الملكية لمسيرة الإصلاح في الأردن: سلسلة أوراق نشرها جلالة الملك عبدالله الثاني بن الحسين لعرض رؤيته لمسيرة الإصلاح الشامل في الأردن في مختلف المجالات